| 000 | 00762nam a22002417a 4500 | ||
|---|---|---|---|
| 001 | 22124 | ||
| 005 | 20260416163501.0 | ||
| 008 | 260324b |||||||| |||| 00| 0 spa d | ||
| 041 | _aESP | ||
| 082 |
_aRM 353.9 _bS42 2024 |
||
| 100 | _a, | ||
| 110 | _aSEDAPAR | ||
| 245 | _aMemoria anual de gestión 2024 | ||
| 260 |
_aArequipa : _bSedapar, _c[2024] |
||
| 300 |
_a76 páginas : _bilustraciones ; _c20 cm. |
||
| 440 | _a ; | ||
| 650 | _aCIS | ||
| 653 | _aAdministración pública; SEDAPAR - Administración; Servicios municipales - Perú - Arequipa | ||
| 654 | _aCTP | ||
| 700 | _a; | ||
| 856 |
_uhttps://itmsp.museknowledge.com/UCSP?groupID=2&action=source&sourceID=JSTOR_org_IP _zVéase además: Base de datos JSTOR |
||
| 942 |
_cMEN _dJUS _fTRC _n0 _2ddc |
||
| 999 |
_c22124 _d22124 |
||